000
00160nam a22000857a 4500
082
_a
823
100
_a
LEE, VIRGINIA
245
_a
KATY AND THE BIF SHOW
942
_c
BK
999
_c
8133
_d
8133